Statistiche per Forme di Paese Pixelate #1

Clicka qui per fare il quiz!

Statistiche generali

  • Questo quiz è stato fatto 149 volte
  • Il punteggio medio è 10 su 15

Statistiche sulle risposte

nazione% Corretto
Italia
99%
Australia
93%
Giappone
88%
Spagna
86%
Vietnam
81%
Croazia
76%
Cile
67%
Mali
64%
Sri Lanka
59%
Papua Nuova Guinea
58%
Somalia
58%
Panama
50%
Rep Dem del Congo
50%
Pakistan
49%
Corea del Sud
29%

Distribuzione punteggi

Percentile per numero di risposta

Percentuale di utenti per punteggio

I tuoi punteggi nel tempo

Non hai fatto questo quiz